Music Quiz

Random Music or Album Quiz

10 to 1: Studio Albums VI Quiz Stats

 Plays Quiz not verified by Sporcle

Challenge
Share
Tweet
Embed
Score 0/55 Timer 06:00
0 Plays Today
% Correct
Band on the Run
95.9%
The Marshall Mathers LP 2
95.5%
The Marshall Mathers LP
95.1%
The Eminem Show
95.1%
The Slim Shady LP
94.8%
Bridge Over Troubled Water
93.3%
Straight Outta Compton
91.4%
Sounds of Silence
89.5%
The Number of the Beast
87.6%
Brothers in Arms
84.6%
Wings at the Speed of Sound
84.3%
Parsley, Sage, Rosemary, and Thyme
82.8%
Destroyer
82%
1989
80.9%
Alive!
80.1%
Love Gun
77.5%
Recovery
75.7%
Hotter Than Hell
75.3%
Relapse
75.3%
Pipes of Peace
73.8%
Encore
73%
Seventh Son of a Seventh Son
72.7%
Dressed to Kill
71.9%
Fear of the Dark
71.2%
Powerslave
70.4%
Ten Summoner's Tales
69.7%
The Dream of the Blue Turtles
68.5%
Unmasked
68.2%
% Correct
Killers
67.8%
Crazy Nights
67%
Rock and Roll Over
65.5%
Ram
65.2%
Red
64.8%
Bookends
63.7%
Brand New Day
62.5%
...Nothing Like the Sun
59.9%
London Town
58.4%
Unknown Pleasures
56.2%
Dynasty
55.8%
Fearless
55.4%
Closer
54.3%
Venus and Mars
53.9%
Wednesday Morning, 3 AM
53.9%
Making Movies
53.6%
Tug of War
52.4%
Flowers in the Dirt
51.7%
Somewhere in Time
46.8%
Piece of Mind
44.9%
Mercury Falling
42.3%
Love Over Gold
39%
Speak Now
37.1%
Off the Ground
36%
New
32.6%
57th & 9th
32.6%
Infinite
30.3%

You're not logged in!

Compare scores with friends on all Sporcle quizzes.
OR
Log In

You Might Also Like...

Show Comments

Extras

Top Quizzes Today


Score Distribution

Your Account Isn't Verified!

In order to create a playlist on Sporcle, you need to verify the email address you used during registration. Go to your Sporcle Settings to finish the process.

Report this User

Report this user for behavior that violates our Community Guidelines.

Details: